Statistiques concernant Chansons de Jul Partie 1

Cliquez ici pour prendre le quiz!

Statistiques générales

  • Ce quiz a été pris 992 fois
    (960 depuis la dernière actualisation)
  • Le résultat moyen est 56 sur 489

Statistiques - réponses

AlbumChanson% Correct
Dans ma paranoiaDans ma paranoia
75%
Dans ma paranoiaJ'oublie tout
72%
Album gratuit vol 2 et L'ovniTchikita
59%
Je ne me vois pas brillerMa jolie
55%
My worldMy world
55%
Je tourne en rondCa
46%
Rien 100 rien et C'est pas des LOLC'est pas des LOL
46%
EmotionsEmotions
46%
My worldEn Y
46%
L'ovniOn m'appelle l'ovni
46%
Dans ma paranoiaTu la love
46%
Inspi d'ailleursInspi d'ailleurs
45%
Rien 100 rienLa bandite
45%
Album gratuitAvant la douane
44%
My worldLova
44%
Rien 100 rienJCVD
43%
Je ne me vois pas brillerJe ne me vois pas briller
43%
Je ne me vois pas brillerLa zone
43%
LacrizeomicLoin
43%
Je tourne en rondJe tourne en rond
42%
EmotionsMon bijou
42%
Inspi d'ailleursToto et Ninetta
42%
Je trouve pas le sommeilJe trouve pas le sommeil
41%
My worldWesh alors
41%
My worldMama
39%
13 OrganiséBande organisée
38%
La zone en personneAsalto
36%
La machineItalia
36%
My worldComme d'hab
34%
La tête dans les nuagesLa tête dans les nuages
34%
Rien 100 rienLa machine
33%
La zone en personneLa zone en personne
33%
La machineSousou
33%
La zone en personneMa che beauté
31%
Dans ma paranoiaSors le cross volé
31%
LacrizeomicAnti BDH
30%
My worldAmnésia
29%
L'ovniElle et l'autre
29%
L'ovniE.T.
29%
EmotionsLa classe
29%
Je trouve pas le sommeilSenora
29%
LacrizeomicBriganté
28%
Je trouve pas le sommeilLacrizeomic
28%
Je trouve pas le sommeilLa fusée
28%
Album gratuit vol 4Parfum quartier
28%
Inspi d'ailleursBwo
27%
La tête dans les nuagesMadame
27%
My worldCoucou
26%
Dans ma paranoiaLe sang
26%
Album gratuit vol 4Drôle de dame
24%
JulJack miel
24%
Dans ma paranoiaAu quartier
23%
C'est pas des LOLIbiza
23%
C'est pas des LOLPow pow
23%
Rien 100 rienRien 100 rien
23%
My worldDans l'appart
22%
Dans ma paranoiaDans mon del
22%
Loin du mondeLoin de tout
22%
Loin du mondeMother Fuck
22%
Rien 100 rienSous la lune
22%
Dans ma paranoiaWinners
22%
La tête dans les nuagesDélicieuse
21%
La tête dans les nuagesHenrico
21%
Loin du mondeLa pharmacie
21%
La zone en personneLe jeune
20%
La zone en personnePour un violet
20%
Dans ma paranoiaTout seul
20%
Album gratuitCousine
19%
Dans ma paranoiaMalade
19%
C'est pas des LOLMon bébé d'amour
19%
C'est pas des LOLBeuh magique
18%
L'ovniC'est le son de la gratte
18%
La zone en personneDans tes yeux
18%
Dans ma paranoiaJeune de cité
18%
Rien 100 rienProfessor
18%
Rien 100 rienTokyo
18%
Rien 100 rienBDG
17%
Dans ma paranoiaMon son vient d'ailleurs
17%
My worldPour les taulards
17%
Rien 100 rienSalvatrucha
17%
La zone en personneAmore
16%
C'est pas des LOLCrocodile
16%
La machineFolie
16%
Album gratuit vol 3Imagine
16%
EmotionsJ'attends
16%
Je tourne en rondLady
16%
My worldMamasita
16%
Inspi d'ailleursMélancolie du soir
16%
My worldMercé
16%
La zone en personnePoussette
16%
Loin du mondeSon ex
16%
Dans ma paranoiaAudi volée
15%
Je ne me vois pas brillerCagoulé
15%
La machineFait d'or
15%
Loin du mondeLa passat
15%
La tête dans les nuagesMauvaise journée
15%
EmotionsOn est trop
15%
JulOubliez-moi
15%
EmotionsAllez le sang
14%
La zone en personneAvant GTR
14%
Je ne me vois pas brillerBeely
14%
Loin du mondeBrouncha
14%
La machineCe soir
14%
L'ovniC'est ça
14%
My worldDans la légende
14%
My worldElle te balade
14%
My worldEncore des paroles
14%
My worldGhost rider
14%
My worldIls m'ignorent
14%
Album gratuitJe me promène
14%
Je trouve pas le sommeilJ'm'évade
14%
C'est pas des LOLLa doudoune
14%
My worldLe patron
14%
La zone en personneMa chérie
14%
LacrizeomicNeymar
14%
Je trouve pas le sommeilNique-le
14%
L'ovniQui a dit ?
14%
Rien 100 rienTel me
14%
C'est pas des LOL6.35
13%
La tête dans les nuagesAmigo
13%
La zone en personneEt je deviens fou
13%
Je ne me vois pas brillerFlêcheur fou
13%
EmotionsFusiller
13%
Je tourne en rondGoodbye
13%
Je tourne en rondIls sont jaloux
13%
EmotionsJe picole
13%
La tête dans les nuagesJe vais t'oublier
13%
My worldLa gâchette
13%
La zone en personneLe deum
13%
Rien 100 rienLe loup
13%
La zone en personnePablito
13%
Je tourne en rondPerdu
13%
Je tourne en rond | LacrizeomicTerter
13%
13 Organisé13 Organisé
12%
Album gratuit vol 2Chapeau de paille
12%
Dans ma paranoiaGrillé
12%
Album gratuit vol 4Je lève la moto
12%
Loin du mondeLes gens
12%
Album gratuitMC
12%
C'est pas des LOLMexico
12%
EmotionsMon poto
12%
Album gratuitPar là
12%
Album gratuit vol 5Pocahontas
12%
La zone en personneSangoten
12%
C'est pas des LOLSantchelita
12%
Je ne me vois pas brillerSaoûlé
12%
Je ne me vois pas brillerSurvêt du Milan
12%
EmotionsC'est pas beau
11%
My worldC'est réel
11%
Dans ma paranoiaC'est trop
11%
EmotionsCiro
11%
La tête dans les nuagesComme les gens d'ici
11%
L'ovniComo te llamas ?
11%
Inspi d'ailleursCoup de genoux
11%
Album gratuitElle veut
11%
My worldEn place
11%
Inspi d'ailleursFais moi la passe
11%
Je tourne en rondGros
11%
Rien 100 rienGTA
11%
La zone en personneJe vais tout casser
11%
13 OrganiséL'étoile sur le maillot
11%
Rien 100 rienMademoiselle
11%
Je trouve pas le sommeilMarseille-Paris
11%
13 OrganiséMiami vice
11%
Je ne me vois pas brillerMon tiek ti amo
11%
My worldNe m'en voulez pas
11%
Dans ma paranoiaN'importe quoi
11%
Rien 100 rienPapa Maman
11%
Inspi d'ailleursPim pom
11%
My worldPour les vaillants
11%
Inspi d'ailleursQuelqu'un d'autre t'aimera
11%
La zone en personneVNTM
11%
LacrizeomicCa me degoute
10%
Album gratuitCogno
10%
Album gratuitCrapuleux
10%
Je tourne en rondDans ma cité
10%
La zone en personneEn quarantaine
10%
C'est pas des LOLFréquenter
10%
Loin du mondeGuytoune
10%
La zone en personneHallelujah
10%
JulJe t'avais dit de l'oublier
10%
EmotionsJe trace ma route
10%
LacrizeomicL'histoire
10%
13 OrganiséMa gadji
10%
Je trouve pas le sommeilMa life
10%
Je tourne en rondMon rêve
10%
Je trouve pas le sommeilPoto où t'es
10%
Rien 100 rienSakakini
10%
Je trouve pas le sommeilSeul au monde
10%
La tête dans les nuagesTemps d'avant
10%
Dans ma paranoiaT'es pas le seul
10%
Album gratuit vol 5Vatos
10%
EmotionsVivre mes rêves
10%
13 Organisé13 balles
9%
La machineCa sent bon
9%
Je tourne en rondCa vient de là
9%
Album gratuitCe que je vois
9%
Je tourne en rondC'est ça que je te reproche
9%
Je ne me vois pas brillerC'est pas ma faute
9%
La zone en personneChiron
9%
La zone en personneCome vai
9%
La machineConfinement
9%
My worldDans le futur
9%
Album gratuit vol 4En crabe
9%
Album gratuitEtat d'âme
9%
La tête dans les nuagesFacilement
9%
My worldIl me faut des billets
9%
Je tourne en rondJe peux pas
9%
Je ne me vois pas brillerLe 46 de Rossi
9%
Album gratuit vol 4Le Ghetto
9%
La tête dans les nuagesLe jaloux
9%
LacrizeomicN'imite pas
9%
La zone en personneOh fou
9%
Album gratuit vol 5On se régale
9%
Rien 100 rienPas de love
9%
Inspi d'ailleursPekenio
9%
LacrizeomicPosé a la place
9%
Je trouve pas le sommeilPourquoi tu me fais le gros
9%
13 OrganiséWar zone
9%
C'est pas des LOLY'a la police
9%
Rien 100 rienAfrica Twin
8%
L'ovniCarnalito
8%
My worldC'est chaud
8%
EmotionsC'est rien
8%
13 OrganiséCombien
8%
Loin du mondeComme un voyou
8%
Album gratuit vol 3Coup de foudre
8%
Je trouve pas le sommeilDans l'game
8%
Loin du mondeDors on te piétine
8%
My worldDu jour au lendemain
8%
Album gratuit vol 3En douceur
8%
Loin du mondeFeux
8%
JulFrangin
8%
Album gratuit vol 5Gilera
8%
L'ovniJ'ai dit...
8%
L'ovniJe fais le sourd
8%
L'ovniJe suis pas fou
8%
Album gratuit vol 3Lacrizeotiek
8%
L'ovniMais qu'est-ce qu'on s'en bat les couilles !
8%
Je trouve pas le sommeilMessage aux rageux
8%
Je trouve pas le sommeilMets les en i
8%
EmotionsMon petit
8%
Album gratuit vol 5Numéro ten
8%
LacrizeomicOn survit
8%
Je ne me vois pas brillerQuand on est pas là
8%
LacrizeomicSens interdit
8%
Loin du mondeSous terre
8%
Album gratuitToujours
8%
Je tourne en rondTout droit
8%
Loin du mondeUn autre monde
8%
Je ne me vois pas brillerVendetta
8%
Je trouve pas le sommeilVida loca
8%
Je tourne en rondVis mon malheur
8%
Album gratuit vol 2Wesh fils de
8%
Je tourne en rond1er dans la bataille
7%
Album gratuit vol 2Agis ou ferme tgl
7%
L'ovniAh c'est comme ça !
7%
Je trouve pas le sommeilArrête de parler
7%
LacrizeomicAu top
7%
Rien 100 rienBagarre
7%
Album gratuit vol 3Borussia
7%
C'est pas des LOLBouge moi de là
7%
Je ne me vois pas brillerCa rêve
7%
LacrizeomicCa veut ton cash
7%
C'est pas des LOLCollé au mic
7%
JulDur dur
7%
Album gratuitGingst
7%
Loin du mondeGuadalajara
7%
13 OrganiséHeat
7%
Loin du mondeHold-up
7%
Je tourne en rondHors la loi
7%
JulJe me jette à l'eau
7%
L'ovniJe m'en fous de ta nana
7%
Inspi d'ailleursJe pilote
7%
LacrizeomicJe profite
7%
Je tourne en rondJe suis comme un autre
7%
13 OrganiséJe suis Marseille
7%
La zone en personneJe t'aimais bien
7%
Rien 100 rienJ'suis loin
7%
Album gratuitLa haine
7%
JulLa où la vie me mène
7%
La zone en personneLa vie est faite comme ça
7%
C'est pas des LOLLe combat
7%
Je trouve pas le sommeilLe regard des gens
7%
Inspi d'ailleursLoca
7%
LacrizeomicOn squatte le béton
7%
Je tourne en rondPlus de respect
7%
L'ovniQué pasa ?
7%
EmotionsRien à cirer
7%
La tête dans les nuagesSamantha
7%
C'est pas des LOLTant pis pour toi
7%
LacrizeomicT'as coulé
7%
Je trouve pas le sommeilT'as le boule
7%
Inspi d'ailleursTKT
7%
EmotionsTraître
7%
La tête dans les nuagesTu mentiras
7%
C'est pas des LOLUn casse
7%
Album gratuitUn couplet
7%
Je ne me vois pas brillerVa te faire foutre
7%
La machineZubrowska
7%
Album gratuit vol 2500 chevaux
6%
JulA bout de nerfs
6%
Je ne me vois pas brillerA la cité
6%
C'est pas des LOLAu péage
6%
Inspi d'ailleursBientôt je me taille
6%
La machineBravo
6%
Rien 100 rienBruce Lee
6%
C'est pas des LOLCartel de platine
6%
Album gratuitCes temps-ci
6%
La machineC'est un bonbon
6%
Album gratuit vol 2Charbon
6%
Je ne me vois pas brillerComment te dire
6%
C'est pas des LOLCremosso
6%
Album gratuit vol 4Dans la voiture à batman
6%
Album gratuitDans une autre planète
6%
La zone en personneDors petit dors
6%
C'est pas des LOLFaut que je me tire de là
6%
Album gratuit vol 5Ghettoïser
6%
Rien 100 rienHey
6%
Je tourne en rondJ'ai fini seul
6%
L'ovniJ'ai fumé ma ganja
6%
Inspi d'ailleursJe fais mes bails
6%
EmotionsJe pense à eux
6%
La zone en personneJe suis pas solo
6%
Je ne me vois pas brillerJe suis resté le même
6%
La tête dans les nuagesJe traîne seul
6%
Loin du mondeJe vais pas redonner
6%
C'est pas des LOLJ'men bats les couilles
6%
Rien 100 rienLa folie du ter ter
6%
Album gratuit vol 3Oh là ils ont mis...
6%
Album gratuit vol 2On détale
6%
Album gratuitOn nique tout
6%
EmotionsOù je vais
6%
La tête dans les nuagesOu lalala
6%
Inspi d'ailleursPetit frère
6%
L'ovniPeu m'importe
6%
LacrizeomicPour un rien
6%
La machineQue ça dure
6%
Je trouve pas le sommeilQu'ils me laissent
6%
Je ne me vois pas brillerQui sait
6%
La zone en personneSi tu savais
6%
La zone en personneSur pépé
6%
Loin du mondeS.U.V
6%
Album gratuitTeam D&P
6%
La machineToi-même tu sais
6%
La machineToute la ligne
6%
Inspi d'ailleursTout grailler
6%
Je trouve pas le sommeilTrop de vice
6%
La machineVatos locos
6%
La zone en personneYa foye
6%
L'ovniY'a pas de stress
6%
Album gratuit vol 4Alcoolisé
5%
Album gratuit vol 2Askip
5%
Inspi d'ailleursAu pire
5%
La zone en personneAvec la chapka
5%
C'est pas des LOLCa mange la barre
5%
C'est pas des LOLCa tombe pas du ciel
5%
Album gratuit vol 5Ca va péter
5%
13 OrganiséC'est maintenant
5%
Album gratuitChargé
5%
La zone en personneChez moi
5%
La tête dans les nuagesComme un fou
5%
La machineEh ouais fils
5%
C'est pas des LOLEmmenez-moi
5%
Inspi d'ailleursEn attendant
5%
Album gratuit vol 2Et ouais
5%
Rien 100 rienFatigué
5%
C'est pas des LOLFlu
5%
La tête dans les nuagesFratellu
5%
Je ne me vois pas brillerFull option
5%
La zone en personneJ'ai des images
5%
La zone en personneJ'ai la mort
5%
JulJ'ai pas que ça a faire
5%
La machineJ'ai tout essayé
5%
La zone en personneJe dirais plus je t'aime
5%
Rien 100 rienJe fais mon tour
5%
La tête dans les nuagesJe ne vous oublie pas
5%
Rien 100 rienJe parle pas chinois
5%
Album gratuitJe suis faché
5%
La machineJe suis pas ton pote
5%
Album gratuitJe vide mon sac
5%
Album gratuit vol 3La guardia
5%
13 OrganiséLa nuit
5%
La machineMacbook
5%
C'est pas des LOLNia
5%
C'est pas des LOLOh maman
5%
La zone en personneOn m'a tourné le dos
5%
JulOn s'en bat les ...
5%
JulOn veut le million
5%
La machinePas méchant
5%
La machinePour la street
5%
La machineRentrez pas dans ma tête
5%
JulRespecte
5%
Album gratuitRolala
5%
La zone en personneT'as tout gagner
5%
EmotionsToujours la dalle
5%
C'est pas des LOLTouloutoutou
5%
13 OrganiséTout à changé
5%
La machineToute la nuit
5%
Album gratuitTrès loin
5%
La zone en personneTu vois je veux dire
5%
Album gratuit vol 4Aujourd'hui
4%
Album gratuit vol 3Avec mes gars
4%
C'est pas des LOLCa a tiré
4%
C'est pas des LOLCassage de nuques, Pt.3
4%
Album gratuit vol 4C'est pas facile
4%
Album gratuit vol 2Dans le gamos
4%
Inspi d'ailleursDans sa bulle
4%
La machineDavai davai
4%
Album gratuit vol 3Drôle de vie
4%
La machineEn cas de...
4%
La machineFait tes comptes
4%
Rien 100 rienFaux poto
4%
La machineGrande
4%
Album gratuitIls chantent tous
4%
Album gratuitJ'ai beau crier
4%
C'est pas des LOLJ'ai passé l'âge
4%
C'est pas des LOLJe mets le way
4%
Je ne me vois pas brillerJe ne joue pas les thugs
4%
La tête dans les nuagesJe ne veux pas partir
4%
Album gratuitJe regarde le monde
4%
La zone en personneJe réponds plus
4%
Album gratuitJe sais que tu ne m'aimes pas
4%
Album gratuit vol 3Je suis comme toi
4%
La zone en personneJe vais danser
4%
La machineLaisse moi là seul
4%
Inspi d'ailleursLes temps changent comme les gens
4%
JulLe temps passe
4%
Rien 100 rienLike Ya
4%
Loin du mondeMauvais garçon
4%
Je ne me vois pas brillerMonde violent
4%
Album gratuitNe pleure pas
4%
JulPhénomène du ghetto
4%
La machinePourquoi tu mens ?
4%
La zone en personneQu'est ce que tu me dis ?
4%
Rien 100 rienQuoi que je fasse
4%
Album gratuit vol 3Salivé
4%
Album gratuit vol 2Si seulement
4%
Rien 100 rienT'as tout perdu
4%
C'est pas des LOLT'es un gonflé
4%
Je ne me vois pas brillerTout va bene
4%
Album gratuit vol 2Tu fais l'idiot
4%
Album gratuit vol 3Yamaha debout
4%
Je ne me vois pas brillerY'a plus de doute
4%
Album gratuit vol 44 heures du mat'
3%
Album gratuit vol 5A la vida a la muerte
3%
Album gratuitCa ne change pas
3%
C'est pas des LOLDans le club
3%
Album gratuit vol 4Equipe énervée
3%
Album gratuit vol 4Fier 13 terter
3%
Album gratuit vol 2J'aime
3%
Album gratuit vol 2J'ai pensé
3%
Rien 100 rienJ'ai tout donné
3%
Album gratuitJe ne te reconnais pas
3%
Album gratuit vol 5Je reste à la maison
3%
L'ovniJe sais ce que je vaux
3%
L'ovniJe te voyais comme...
3%
JulJe vise le sommet
3%
La machineJ'suis pas parti
3%
Inspi d'ailleursLa rue dans le Cayenne
3%
Album gratuit vol 2Léwé
3%
Inspi d'ailleursMauvaises tentations
3%
13 OrganiséPartout c'est la même
3%
Album gratuit vol 3Personne n'est parfait
3%
La zone en personneQu'est ce que je t'ai fait ?
3%
LacrizeomicRegarde pas de travers
3%
Album gratuit vol 4Tu fais le voyou
3%
La machineVeste queschua
3%
Album gratuit vol 3Vie de bâtard
3%
Album gratuit vol 4Comme à l'époque
2%
Album gratuit vol 5J'ai le boubou
2%
L'ovniJe dis rien, je vois tout, j'entends
2%
Album gratuit vol 5Je me prends trop la tête
2%
Album gratuit vol 5Je serre
2%
L'ovniJusqu'ici tout va bien
2%
Album gratuit vol 2Les jaloux m'écoutent
2%
Album gratuit vol 3L'hiver au quartier
2%
Album gratuit vol 5No tengo
2%
Album gratuit vol 5Plus rien ne m'arrête
2%
Album gratuit vol 3Que ça me chauffe
2%
Album gratuit vol 4Tu m'emboucanes
2%
Album gratuit vol 3Dans le 13
1%
Album gratuit vol 3Je ne peux rien y faire
1%
Album gratuit vol 5Je suis pas un client
1%
Album gratuit vol 5Me dis pas bonjour
1%
Album gratuit vol 5DPC
0%
Album gratuit vol 3Je dis ce que je pense
0%
Rien 100 rienRatataa
0%

Distribution des résultats

Percentile par nombre de réponses

% des personnes avec chaque résultat

Votre développement - résultats

Vous n’avez pas pris ce quiz depuis la dernière actualisation